Statistics for Scottish Professional Football League Clubs

Click here to take the quiz!

General Stats

  • This quiz has been taken 2,733 times
  • The average score is 30 of 42

Answer Stats

Answer % Correct
Aberdeen
97%
Ross County
92%
Ayr United
90%
Clyde
89%
Cowdenbeath
85%
Dumbarton
84%
Dunfermline Athletic
83%
Brechin City
82%
Stenhousemuir
77%
Greenock Morton
77%
Stirling Albion
75%
Dundee United
75%
Rangers
75%
Edinburgh City
74%
Queen of the South
73%
Heart of Midlothian
73%
Kilmarnock
73%
Airdrieonians
72%
Celtic
72%
Inverness Caledonian Thistle
71%
East Fife
71%
Elgin City
70%
Falkirk
70%
Arbroath
69%
Berwick Rangers
69%
Hibernian
69%
Annan Athletic
69%
Queen's Park
68%
Motherwell
67%
St. Mirren
66%
St. Johnstone
64%
Forfar Athletic
64%
Dundee
64%
Raith Rovers
63%
Livingston
62%
Hamilton Academical
60%
Partick Thistle
60%
Alloa Athletic
60%
Albion Rovers
58%
Peterhead
57%
Montrose
56%
Stranraer
55%

Score Distribution

Percentile by Number Answered

Percent of People with Each Score

Your Score History

You have not taken this quiz